00680nam a2200229Ia 4500003000900000008004100009040001300050040001300063041000800076100002100084245003300105250001200138260001200150260000900162300001100171300001000182490002600192490000700218942000700225999001700232952020100249IT-RoPAU120407s9999 xx 000 0 und d aIT-RoPAU cIT-RoPAU aita aJoachim Jeremias aLe parole dell’ultima cena aBrescia aPaideia c1975 a365 p. c21 cm aBibl. di cult. relig. v23 cBK c33454d33454 00102ddc406208_12230000000000071aPAULUSbPAULUSd2012-04-11l0o208.1223r2012-04-11 00:00:00w2012-04-11yBKzInserito da: LUCIA In data: 02 settembre 2011 fondo: Via A.Severo 56 Progr:23599